[Event "Druzynowe Mistrzostwa Polski - I Liga 2018"]
[Site "Pokrzywna"]
[Date "1899-12-30"]
[Round "7.23"]
[White "Szolc, Grzegorz"]
[Black "Praszak, Michal"]
[Result "1-0"]
[WhiteTitle "I+"]
[BlackTitle "m"]
[WhiteElo "2020"]
[BlackElo "2068"]

1. d4 c5 2. d5 e5 3. c4 d6 4. e4 Be7 5. Nc3 a6 6. a4 Bg5 7. Be2 Bxc1 8. Qxc1 Ne7
9. Bd3 O-O 10. Nge2 Nd7 11. O-O Nf6 12. h3 Ng6 13. f4 exf4 14. Nxf4 Ne5 15. Qe3
Nfd7 16. Qg3 Qe7 17. Rae1 Rb8 18. b3 Re8 19. Be2 Nf8 20. Nh5 Nfg6 21. Rf2 Bd7
22. Ref1 Kh8 23. Kh1 Rg8 24. Nf4 Nxf4 25. Rxf4 f6 26. Qe3 Ng6 27. R4f3 Rge8 28.
g4 Qe5 29. Qf2 Qg5 30. Qe3 Qh4 31. Qf2 Bxg4 32. Qxh4 Bxf3+ 33. Bxf3 Nxh4 34. Bg4
Ng6 35. a5 Re7 36. Bf5 Ne5 37. Na4 g6 38. Be6 Rf8 39. Nb6 Rc7 40. Kg2 Kg7 41.
Kg3 h5 42. Rf2 Rd8 43. Rf1 Nf7 44. h4 Ne5 45. Rf2 Rh8 46. Rf1 Re8 47. Rf2 Rf8
48. Rf1 f5 49. exf5 gxf5 50. Kf4 Ng6+ 51. Kg5 f4 52. Nd7 Rxd7 53. Bxd7 f3 54.
Kxh5 Ne5 55. Bg4 Kf6 56. Rxf3+ Nxf3 57. Bxf3 Kf5 58. Bg4+ Kf4 59. Bd7 Rh8+ 60.
Kg6 Rxh4 61. Bc8 Ke5 62. Bxb7 Rh1 63. Bxa6 Ra1 64. Bb5 Rxa5 65. Kf7 Ra7+ 66. Kg6
Re7 67. Ba4 Kd4 68. Kf6 Re3 69. Kf5 Kc3 70. Kf6 Kb4 71. Kf5 Ka5 72. Kf6 Kb6 73.
Kf5 Kc7 74. Kf6 Kd8 75. Kf7 Kc7 76. Kf6 Kb6 77. Kf5 Ka5 78. Kf6 Kb4 79. Kf5 Kc3
80. Kf6 Kd2 81. Kf5 Ke2 82. Kf6 Kf3 83. Kf5 Kg3 84. Kf6 Kf4 85. Kg6 Re7 86. Kf6
Rb7 87. Ke6 Rb6 88. Bc6 Ke4 89. Bb5 Kd4 90. Kd7 Rb8 91. Kxd6 Rb6+ 92. Kc7 1-0

[Event "Druzynowe Mistrzostwa Polski - I Liga 2018"]
[Site "Pokrzywna"]
[Date "1899-12-30"]
[Round "7.24"]
[White "Jaracz, Pawel"]
[Black "Sopur, Lech"]
[Result "1/2-1/2"]
[WhiteTitle "GM"]
[BlackTitle "m"]
[WhiteElo "2453"]
[BlackElo "2403"]

1. e4 e6 2. d4 d5 3. Nd2 c5 4. exd5 Qxd5 5. Ngf3 cxd4 6. Bc4 Qd6 7. O-O Nf6 8.
Nb3 Nc6 9. Nbxd4 Nxd4 10. Nxd4 a6 11. Re1 Qc7 12. Bf1 Bc5 13. c3 O-O 14. Bg5 Nd5
15. Qd2 Bd7 16. Rad1 Rfe8 17. Bh4 Bd6 18. Bg3 Bxg3 19. hxg3 Rad8 20. c4 Ne7 21.
Qc3 Nc6 22. Nc2 e5 23. b4 Be6 24. a4 Rxd1 25. Rxd1 Rd8 26. Rxd8+ Qxd8 27. b5 Nd4
28. c5 axb5 29. axb5 Nxc2 30. Qxc2 Bc8 31. Qa4 Kf8 32. Qa7 Qc7 33. c6 Ke7 34.
Bc4 Kd8 35. Qc5 Qe7 36. Qd5+ Kc7 37. cxb7 Bxb7 38. Qd2 f6 39. Qa5+ Kc8 40. Qb6
Kb8 41. Bf1 1/2-1/2

[Event "Druzynowe Mistrzostwa Polski - I Liga 2018"]
[Site "Pokrzywna"]
[Date "1899-12-30"]
[Round "7.25"]
[White "Cukrowski, Filip"]
[Black "Maksimenko, Andrei"]
[Result "1/2-1/2"]
[WhiteTitle "FM"]
[BlackTitle "GM"]
[WhiteElo "2397"]
[BlackElo "2483"]

1. e4 c5 2. c3 Nf6 3. e5 Nd5 4. d4 cxd4 5. Nf3 e6 6. cxd4 d6 7. Bc4 Nc6 8. O-O
Be7 9. Bd2 Nb6 10. Bb3 Bd7 11. Nc3 dxe5 12. dxe5 Na5 13. Bc2 Nbc4 14. Qe2 Nxd2
15. Nxd2 Nc6 16. Rac1 g6 17. Nc4 O-O 18. Rfd1 Rc8 19. Ne4 Nb4 20. Ncd6 Rxc2 21.
Rxc2 Nxc2 22. Qxc2 Bc6 23. Nf5 Bxe4 24. Rxd8 Bxc2 25. Nxe7+ Kg7 26. Rd7 Ba4 27.
Rxb7 Rd8 28. h3 Kf8 29. Rc7 Bd7 30. Nc6 Bxc6 31. Rxc6 Rd1+ 32. Kh2 Rd2 33. Kg3
1/2-1/2

[Event "Druzynowe Mistrzostwa Polski - I Liga 2018"]
[Site "Pokrzywna"]
[Date "1899-12-30"]
[Round "7.26"]
[White "Simantsev, Mikhail"]
[Black "Kaczmarek, Aleksander"]
[Result "0-1"]
[WhiteTitle "GM"]
[BlackTitle "FM"]
[WhiteElo "2445"]
[BlackElo "2398"]

1. d4 c5 2. d5 e6 3. c4 exd5 4. cxd5 d6 5. Nc3 Ne7 6. Nf3 Ng6 7. e4 Be7 8. Be2
O-O 9. O-O f5 10. exf5 Bxf5 11. h3 Na6 12. Be3 Rb8 13. Qd2 Nc7 14. g4 Bd7 15.
Ne4 b6 16. Rad1 h6 17. Ne1 Ne8 18. f4 Nf6 19. Ng3 Qe8 20. Ng2 Kh8 21. f5 Ne5 22.
Nf4 Nh7 23. Ne6 Bxe6 24. fxe6 Ng5 25. Kg2 Bf6 26. h4 Nh7 27. g5 Be7 28. Nf5 hxg5
29. Nxe7 Qxe7 30. hxg5 Kg8 31. Kg3 b5 32. Bf4 Rf5 33. Be3 Rbf8 34. Rxf5 Rxf5 35.
Rf1 Nxg5 36. Rxf5 Ne4+ 37. Kh3 Nxd2 38. Bxd2 g6 39. Rf2 Qb7 40. Bg5 Qxd5 41. e7
Qe6+ 42. Kh2 Nf7 43. Bxb5 Qe5+ 44. Kh1 Qd5+ 45. Rg2 Qd1+ 46. Kh2 Qh5+ 47. Kg1
Qd1+ 48. Kf2 Qd4+ 49. Kf1 Qd1+ 50. Kf2 Qd4+ 51. Kg3 Qe5+ 52. Kh4 Qe1+ 53. Rg3
Qb4+ 0-1

[Event "Druzynowe Mistrzostwa Polski - I Liga 2018"]
[Site "Pokrzywna"]
[Date "1899-12-30"]
[Round "7.27"]
[White "Orzech, Dominik"]
[Black "Krysztofiak, Marcin"]
[Result "1/2-1/2"]
[WhiteTitle "IM"]
[BlackTitle "IM"]
[WhiteElo "2365"]
[BlackElo "2386"]

1. Nf3 Nf6 2. c4 e6 3. Nc3 d5 4. d4 Be7 5. cxd5 exd5 6. Bg5 c6 7. Qc2 g6 8. e4
dxe4 9. Bxf6 Bxf6 10. Qxe4+ Qe7 11. Bc4 Bf5 12. Qe3 Nd7 13. O-O O-O 14. a3 Qxe3
15. fxe3 Rae8 16. Rfe1 Be6 17. Bxe6 Rxe6 18. Na4 Rfe8 19. Kf2 Bg7 20. Nc3 f5 21.
Rad1 Bh6 22. Rd3 Nf6 23. Ne5 c5 24. h3 f4 25. exf4 Bxf4 26. Nf3 Rxe1 27. Nxe1
cxd4 28. Ne2 Be3+ 29. Kf3 Nd7 30. Rd1 Rf8+ 31. Ke4 Nc5+ 32. Kd5 Rf5+ 33. Kc4 Ne4
34. Nd3 b5+ 35. Kb4 Nf2 36. g4 Rf8 37. Nxf2 Rxf2 38. Nxd4 Bxd4 39. Rxd4 Rxb2+
40. Kc5 Rb3 41. Rd8+ Kg7 1/2-1/2

[Event "Druzynowe Mistrzostwa Polski - I Liga 2018"]
[Site "Pokrzywna"]
[Date "1899-12-30"]
[Round "7.28"]
[White "Szustakowski, Antoni"]
[Black "Flis, Pawel"]
[Result "1-0"]
[WhiteTitle "FM"]
[BlackTitle "k"]
[WhiteElo "2296"]
[BlackElo "1922"]

1. d4 Nf6 2. c4 c5 3. d5 b5 4. Qc2 bxc4 5. e4 d6 6. Bxc4 g6 7. Nf3 Bg7 8. O-O O-O
9. Re1 Ba6 10. Na3 Nfd7 11. Rb1 Nb6 12. b3 Bxc4 13. bxc4 N8d7 14. Bb2 Bxb2 15.
Rxb2 f6 16. Rb3 Ne5 17. Nd2 Nbd7 18. f4 Nf7 19. Reb1 Qc8 20. Nb5 a6 21. Nc3 Rb8
22. Rxb8 Nxb8 23. Nf3 Qg4 24. Ne2 Qd7 25. Rb6 Re8 26. Qb2 Qc8 27. Nc3 Qc7 28.
Rb7 Qc8 29. Qb6 Kf8 30. Qa7 Qd8 31. Rc7 Kg8 32. Qb7 Kf8 33. Na4 1-0

[Event "Druzynowe Mistrzostwa Polski - I Liga 2018"]
[Site "Pokrzywna"]
[Date "1899-12-30"]
[Round "7.29"]
[White "Miturova, Magdalena"]
[Black "Jaracz, Barbara"]
[Result "1/2-1/2"]
[WhiteTitle "WIM"]
[BlackTitle "WGM"]
[WhiteElo "2204"]
[BlackElo "2230"]

1. e4 c5 2. Nf3 e6 3. Nc3 Nc6 4. d4 cxd4 5. Nxd4 Qc7 6. Be2 a6 7. Be3 Nf6 8. O-O
Be7 9. f4 d6 10. Bf3 O-O 11. Qe1 Bd7 12. Kh1 Nxd4 13. Bxd4 Bc6 14. e5 Nd7 15.
Bxc6 Qxc6 16. exd6 Bxd6 17. Ne4 Be7 18. Bc3 f6 19. Qe2 Rae8 20. Rae1 Nc5 21. Ng3
Na4 22. Rf3 Bd6 23. Ne4 Nxc3 24. Rxc3 Qb6 25. Rb3 Qc7 26. Nxd6 Qxd6 27. f5 exf5
28. Qxe8 Rxe8 29. Rxe8+ Kf7 30. Re1 b5 31. Rd3 Qb4 32. Rd7+ Kg6 33. Ree7 f4 34.
Rxg7+ Kf5 35. h3 Qxb2 36. Rxh7 Qc1+ 37. Kh2 Qxc2 38. Rh5+ Ke6 39. Rhd5 Qxa2 40.
Rd2 Qa1 41. R2d6+ Kf5 42. Rd5+ Kg6 43. h4 Qe1 44. h5+ Kh6 1/2-1/2

[Event "Druzynowe Mistrzostwa Polski - I Liga 2018"]
[Site "Pokrzywna"]
[Date "1899-12-30"]
[Round "8.1"]
[White "Jakubiec, Artur"]
[Black "Sopur, Lech"]
[Result "0-1"]
[WhiteTitle "GM"]
[BlackTitle "m"]
[WhiteElo "2514"]
[BlackElo "2403"]

1. d4 Nf6 2. Nf3 d5 3. c4 e6 4. Nc3 Bb4 5. e3 c5 6. a3 Bxc3+ 7. bxc3 Qc7 8. Be2
O-O 9. O-O dxc4 10. Qc2 Bd7 11. e4 Bc6 12. Nd2 Rd8 13. e5 Nd5 14. Ne4 Nxc3 15.
Ng5 Nxe2+ 16. Kh1 f5 17. Qxe2 cxd4 18. Nxe6 Bxg2+ 19. Kg1 Bxf1 20. Qxf1 Qc8 21.
Nxd8 Qxd8 22. Qxc4+ Kh8 23. Qf7 Nc6 24. Qxf5 Qd5 25. Bf4 d3 26. Rd1 Rd8 27. Rd2
h6 28. Bxh6 Qxe5 0-1

[Event "Druzynowe Mistrzostwa Polski - I Liga 2018"]
[Site "Pokrzywna"]
[Date "1899-12-30"]
[Round "8.2"]
[White "Cukrowski, Filip"]
[Black "Marczuk, Dominik"]
[Result "1/2-1/2"]
[WhiteTitle "FM"]
[BlackTitle "k"]
[WhiteElo "2397"]
[BlackElo "2293"]

1. e4 d6 2. d4 Nf6 3. Nc3 e5 4. Nf3 Nbd7 5. h3 Be7 6. Be3 c6 7. a4 O-O 8. Bc4 Qc7
9. O-O h6 10. Qd2 Nb6 11. Bb3 Be6 12. Bxe6 fxe6 13. dxe5 dxe5 14. Qe2 Nfd7 15.
Rfd1 a5 16. Nd2 Bc5 17. Nb3 Bxe3 18. Qxe3 Rfd8 19. Ne2 Nc4 20. Qc3 Nd6 21. Nd2
b6 22. Nc1 b5 23. axb5 Nxb5 24. Qc4 Qd6 25. Ncb3 a4 26. Nf1 Nb6 27. Rxd6 Nxc4
28. Rxd8+ Rxd8 29. Rxa4 Nxb2 30. Rb4 Nd1 31. Rc4 Nd4 32. Ng3 Nb2 33. Rc5 Nxb3
34. cxb3 Rd1+ 35. Nf1 Nd3 36. Rxc6 Nc1 37. g3 Nxb3 38. Kg2 Kf7 39. Rc7+ Kg6 40.
Rc3 Nd2 41. Ne3 Rb1 42. Rc6 Kf7 43. Rc7+ Kg6 44. Ng4 Nxe4 45. Nxe5+ Kf5 46. Nd3
Kf6 47. Rc4 Nd6 48. Rf4+ Kg6 49. Rf8 Nf7 50. Nf4+ Kf6 51. g4 g6 52. h4 g5 53.
hxg5+ hxg5 54. Nh5+ Ke7 55. Ra8 Ne5 56. Ra7+ Kd6 57. Nf6 Ng6 58. Ra6+ Ke5 59.
Nd7+ Kd4 60. Ra4+ Kd5 61. Ra5+ Kd6 62. Nf6 Nf4+ 63. Kh2 Nd5 64. Ne4+ Ke5 65. Nxg5
Rb3 66. f3 Rb1 67. Kg3 Rg1+ 68. Kf2 Rb1 69. Ra2 Kf6 70. Ne4+ Ke5 71. Ng3 Nf4 72.
Ra5+ Nd5 73. Nf1 Kf4 74. Ra4+ Rb4 75. Ra2 Rb1 76. Ne3 Rb4 77. Ng2+ Kg5 78. Ra3
Kf6 79. Kg3 Ke5 80. f4+ Ke4 81. Rf3 Rb2 82. g5 Re2 83. Rf1 Ne7 84. Re1 Rxe1 85.
Nxe1 e5 86. fxe5 Kxe5 87. Kg4 Ke6 88. Nf3 Kf7 89. Ne5+ Kg7 90. g6 Nxg6 91. Nxg6
Kxg6 1/2-1/2

[Event "Druzynowe Mistrzostwa Polski - I Liga 2018"]
[Site "Pokrzywna"]
[Date "1899-12-30"]
[Round "8.3"]
[White "Chmiel, Marcin"]
[Black "Kaczmarek, Aleksander"]
[Result "1-0"]
[WhiteTitle "k"]
[BlackTitle "FM"]
[WhiteElo "2237"]
[BlackElo "2398"]

1. c4 e5 2. g3 g6 3. Bg2 Bg7 4. Nc3 Ne7 5. d3 d6 6. e4 O-O 7. Nge2 a5 8. O-O Nd7
9. Be3 h6 10. Qd2 Kh7 11. f4 f5 12. Nd5 Nxd5 13. cxd5 Nf6 14. fxe5 dxe5 15. Rac1
fxe4 16. dxe4 Ng4 17. Bc5 Rxf1+ 18. Rxf1 b6 19. Ba3 c5 20. Nc3 Ba6 21. Rf3 Qd6
22. Bf1 Bxf1 23. Rxf1 h5 24. Qe2 Rf8 25. Rxf8 Qxf8 26. h3 Nf6 27. b3 Ne8 28. Nb5
Bh6 29. Bb2 Qe7 30. Na3 Qg5 31. Kg2 h4 32. g4 Bg7 33. Nc4 b5 34. Qe3 Qe7 35. Nxa5
Qa7 36. b4 Nd6 37. Qxc5 Qf7 38. Qf2 Qe7 39. Nc6 Qg5 40. Qe1 Bh6 41. Nxe5 Qe7 42.
Nf3 Nc4 43. Bd4 g5 44. e5 Bg7 45. Qe4+ Kg8 46. Qg6 Qc7 47. Nxg5 Nxe5 48. Qe8+
Bf8 49. Qxf8+ 1-0

[Event "Druzynowe Mistrzostwa Polski - I Liga 2018"]
[Site "Pokrzywna"]
[Date "1899-12-30"]
[Round "8.4"]
[White "Orzech, Dominik"]
[Black "Gbyl, Andrzej"]
[Result "1/2-1/2"]
[WhiteTitle "IM"]
[BlackTitle "k+"]
[WhiteElo "2365"]
[BlackElo "2248"]

1. d4 d5 2. Nf3 e6 3. c4 Nf6 4. Nc3 Be7 5. cxd5 exd5 6. Bg5 c6 7. Qc2 g6 8. e4
dxe4 9. Bxf6 Bxf6 10. Qxe4+ Qe7 11. Bc4 Bf5 12. Qe3 Nd7 13. O-O O-O 14. Bb3 Qxe3
15. fxe3 Rae8 16. Rfe1 Be6 17. Bc2 Bg4 18. Bb3 Be6 19. Bc2 Bg4 20. Bb3 Be6 21.
Bc2 1/2-1/2

[Event "Druzynowe Mistrzostwa Polski - I Liga 2018"]
[Site "Pokrzywna"]
[Date "1899-12-30"]
[Round "8.5"]
[White "Bukojemski, Adam"]
[Black "Flis, Pawel"]
[Result "1/2-1/2"]
[WhiteTitle "k"]
[BlackTitle "k"]
[WhiteElo "2222"]
[BlackElo "1922"]

1. e4 c5 2. Nf3 d6 3. d4 cxd4 4. Nxd4 Nf6 5. Nc3 a6 6. Be2 e5 7. Nb3 Be7 8. O-O
O-O 9. Kh1 Be6 10. f4 Qc7 11. Be3 exf4 12. Rxf4 Nbd7 13. Nd5 Bxd5 14. exd5 Ne5
15. a4 Ng6 16. Rc4 Qd7 17. Rb4 Bd8 18. Bg1 Re8 19. a5 Rc8 20. c4 Be7 21. Nd2 Bf8
22. Bd3 Ne5 23. Bc2 Re7 24. h3 g6 25. g4 Bh6 26. Ba4 Qd8 27. Bb6 Qf8 28. Nf3 Bf4
29. Nxe5 Bxe5 30. Qf3 Nd7 31. Bf2 1/2-1/2

[Event "Druzynowe Mistrzostwa Polski - I Liga 2018"]
[Site "Pokrzywna"]
[Date "1899-12-30"]
[Round "8.6"]
[White "Miturova, Magdalena"]
[Black "Jakubiec, Edyta"]
[Result "1/2-1/2"]
[WhiteTitle "WIM"]
[BlackTitle "WIM"]
[WhiteElo "2204"]
[BlackElo "2153"]

1. e4 c5 2. Nf3 Nc6 3. d4 cxd4 4. Nxd4 e5 5. Nb5 d6 6. N1c3 a6 7. Na3 b5 8. Nd5
Nge7 9. c4 Nd4 10. Be3 Nxd5 11. cxd5 g6 12. Bd3 Bg7 13. O-O O-O 14. Qd2 f5 15.
Bxd4 exd4 16. Nc2 Qh4 17. g3 Qf6 18. exf5 Bxf5 19. Bxf5 Qxf5 20. Nb4 Kh8 21. a4
a5 22. Nd3 Qxd5 23. Nf4 Qf5 24. axb5 g5 25. Ne2 Qxb5 26. Nxd4 Qd5 27. Rfd1 h6
28. Ra4 Rfc8 29. b3 Rc5 30. Qe1 Be5 31. b4 Rc4 32. Ne2 Qe4 1/2-1/2

[Event "Druzynowe Mistrzostwa Polski - I Liga 2018"]
[Site "Pokrzywna"]
[Date "1899-12-30"]
[Round "8.8"]
[White "Maksimenko, Andrei"]
[Black "Miroslaw, Michal"]
[Result "1-0"]
[WhiteTitle "GM"]
[BlackTitle "FM"]
[WhiteElo "2483"]
[BlackElo "2280"]

1. d4 d6 2. e4 Nf6 3. Nc3 Nbd7 4. Nf3 e5 5. Bc4 exd4 6. Nxd4 Ne5 7. Be2 Be7 8.
f4 Nc6 9. Be3 Bd7 10. Bf3 h5 11. h3 Nxd4 12. Qxd4 c5 13. Qd2 Qc7 14. O-O Bc6 15.
Rad1 O-O-O 16. a3 Qd7 17. b4 b6 18. e5 Ne8 19. Nd5 Bb7 20. bxc5 bxc5 21. Qa5 Nc7
22. Nxe7+ Qxe7 23. Bxb7+ Kxb7 24. Rxd6 Ne6 25. f5 Nd4 26. Bxd4 cxd4 27. Rb1+ 1-0

[Event "Druzynowe Mistrzostwa Polski - I Liga 2018"]
[Site "Pokrzywna"]
[Date "1899-12-30"]
[Round "8.9"]
[White "Stoma, Pawel"]
[Black "Simantsev, Mikhail"]
[Result "1-0"]
[WhiteTitle "m"]
[BlackTitle "GM"]
[WhiteElo "2317"]
[BlackElo "2445"]

1. e4 c5 2. Nf3 e6 3. Nc3 Nc6 4. d4 cxd4 5. Nxd4 Qc7 6. Be2 Nf6 7. O-O Be7 8. Be3
O-O 9. f4 d6 10. Kh1 a6 11. Qe1 Nxd4 12. Bxd4 b5 13. a3 Bb7 14. Qg3 Rad8 15. Rae1
Bc6 16. Bf3 Rfe8 17. e5 dxe5 18. Bxe5 Qb6 19. Bxc6 Qxc6 20. Ne4 Kh8 21. f5 Nh5
22. Bxg7+ Nxg7 23. f6 Nh5 24. Qh4 Rd5 25. fxe7 Rf5 26. Ng5 Nf6 27. Rxf5 exf5 28.
Nxf7+ Kg7 29. Ne5 1-0

[Event "Druzynowe Mistrzostwa Polski - I Liga 2018"]
[Site "Pokrzywna"]
[Date "1899-12-30"]
[Round "8.10"]
[White "Krysztofiak, Marcin"]
[Black "Panas, Pawel"]
[Result "1/2-1/2"]
[WhiteTitle "IM"]
[BlackTitle "k"]
[WhiteElo "2386"]
[BlackElo "2181"]

1. Nf3 e6 2. g3 d5 3. Bg2 Nf6 4. O-O b5 5. d3 Bb7 6. c4 bxc4 7. dxc4 c6 8. Qc2
Nbd7 9. Bf4 Bc5 10. Nc3 O-O 11. Na4 Be7 12. Rac1 Rc8 13. Ne5 Ba6 14. b3 Nxe5 15.
Bxe5 Nd7 16. Bb2 Nb6 17. Nxb6 axb6 18. Rfd1 Bf6 19. e3 Bxb2 20. Qxb2 Qe7 21. cxd5
cxd5 22. e4 dxe4 23. Bxe4 Bb7 24. Bxb7 Qxb7 25. Qd2 h6 26. Rxc8 Rxc8 27. Rc1 Rxc1+
28. Qxc1 Qe4 29. Qc8+ Kh7 30. Qc7 Qe1+ 31. Kg2 Qe4+ 32. Kg1 Qe1+ 33. Kg2 Qe4+
34. Kg1 1/2-1/2

[Event "Druzynowe Mistrzostwa Polski - I Liga 2018"]
[Site "Pokrzywna"]
[Date "1899-12-30"]
[Round "8.11"]
[White "Praszak, Michal"]
[Black "Szustakowski, Antoni"]
[Result "1/2-1/2"]
[WhiteTitle "m"]
[BlackTitle "FM"]
[WhiteElo "2068"]
[BlackElo "2296"]

1. d4 Nf6 2. c4 e6 3. g3 d5 4. Bg2 Bb4+ 5. Bd2 Bd6 6. Nc3 c6 7. Qb3 O-O 8. Nf3
Nbd7 9. O-O Qe7 10. Bg5 h6 11. Bxf6 Nxf6 12. Rfe1 b6 13. e4 dxe4 14. Nxe4 Nxe4
15. Rxe4 Bb7 16. Re2 Qc7 17. Ne5 Rfd8 18. Nd3 Be7 19. Qc3 Bf6 20. Ne5 c5 21. Bxb7
Qxb7 22. dxc5 bxc5 23. Rae1 Rd4 24. b3 Qb6 25. Qf3 Rf8 26. Ng4 Bd8 27. Ne5 Rd6
28. Nd3 Bf6 29. b4 cxb4 30. c5 Rxd3 31. Qxd3 Qxc5 32. Qc2 Rc8 33. Qa4 a5 34. Rd1
Bd4 35. Qd7 e5 36. h3 Qf8 37. Kh2 f6 38. Qd5+ Qf7 39. Qxa5 Qc4 40. Red2 Kh7 41.
Qa4 Qc5 42. Qd7 Kh8 43. Qf5 Qc3 44. Rd3 Qc2 45. R1d2 Qc1 46. Re2 Ra8 47. Qf3 Rc8
48. Qf5 Ra8 49. Qe4 Rc8 50. Qb7 Qc4 51. Red2 Rc7 52. Qe4 Qc6 53. Qf5 Qc5 54. Qg6
Rc8 55. Qg4 Rd8 56. Qe4 Rc8 57. h4 Qc6 58. Qxc6 Rxc6 59. Kg2 g6 60. f4 Rc1 61.
fxe5 fxe5 62. Kf3 Kg7 63. Ke4 Re1+ 64. Kd5 Bc3 65. Rd1 Re2 66. Ke6 Bd4 67. a3
bxa3 68. Rxa3 Rb2 69. Ra6 Rf2 70. Kd5 Rf7 71. Rc1 Kh7 72. Rcc6 Rg7 73. Rc8 h5
74. Raa8 Rb7 75. Rh8+ Kg7 76. Rag8+ Kf7 77. Rh7+ Kxg8 78. Rxb7 Bf2 79. Rb3 Bd4
80. Rf3 Kg7 81. Ke6 g5 82. Rf7+ Kg6 83. Rf6+ Kg7 84. hxg5 e4 85. Rh6 Bf2 86. Kf5
Bxg3 87. Kxe4 h4 88. Kf5 Bf2 89. Kg4 Be1 90. Re6 Bf2 91. g6 Bg3 92. Kf5 Bf2 93.
Re7+ Kg8 94. Re2 Bd4 95. Rh2 Bc3 96. Rxh4 Kg7 97. Rh7+ Kg8 98. Rd7 Bb2 99. Rd3
Kg7 100. Rd2 Bc3 101. Re2 Bd4 102. Kg5 Bf6+ 103. Kh5 Bc3 104. Re3 Bb2 105. Re7+
Kg8 106. Rc7 Be5 107. Re7 Bc3 108. Rd7 Bb2 109. Rd2 Be5 110. Re2 Bc3 111. Kg5
Kg7 112. Rc2 Bf6+ 113. Kf5 Bd4 114. Rc8 Bb2 115. Kg5 Bf6+ 116. Kh5 Be5 117. Rc5
Bd4 118. Rd5 Bb2 119. Rd2 Be5 120. Rd1 Bb2 121. Rd5 Kg8 122. Rd7 Be5 123. g7 Kh7
124. g8=Q+ Kxg8 125. Re7 Bc3 126. Kg6 Kf8 127. Rc7 Bb2 128. Kf5 Ke8 129. Rb7 Bc3
130. Ke6 Kf8 131. Rb3 Bd4 132. Rb7 Bc3 133. Rf7+ Kg8 134. Rf3 Bb2 135. Kf5 Kf7
136. Rb3 Bd4 137. Rb4 Bc3 138. Rb7+ Ke8 139. Ke6 Kf8 140. Rf7+ Kg8 141. Rf3 Bb2
142. Ke7 Bd4 143. Rg3+ Kh7 144. Ke6 Bb2 145. Kf5 Kh6 146. Rg6+ Kh7 147. Rb6 Bc3
148. Rd6 Bb2 149. Rd7+ Kg8 150. Rd8+ Kf7 151. Rb8 Bc3 152. Rb7+ Ke8 153. Ke6 Kf8
1/2-1/2

[Event "Druzynowe Mistrzostwa Polski - I Liga 2018"]
[Site "Pokrzywna"]
[Date "1899-12-30"]
[Round "8.13"]
[White "Lizak, Jakub"]
[Black "Reza, Wojciech"]
[Result "1-0"]
[WhiteTitle "k"]
[BlackTitle "FM"]
[WhiteElo "2168"]
[BlackElo "2284"]

1. e4 c5 2. Nf3 e6 3. d4 cxd4 4. Nxd4 Nc6 5. Nc3 Qc7 6. Be3 a6 7. Qf3 d6 8. O-O-O
Bd7 9. Nxc6 Bxc6 10. Qg3 Nf6 11. Bd3 b5 12. a3 Qb7 13. Rhe1 Be7 14. f3 a5 15.
e5 dxe5 16. Qxe5 b4 17. axb4 axb4 18. Nb5 O-O 19. Nd4 Rfd8 20. Nxc6 Qxc6 21. Kd2
Rd5 22. Qg3 b3 23. c3 Rad8 24. Ke2 g6 25. Rd2 Bc5 26. Bxc5 Qxc5 27. Red1 e5 28.
Qh4 Qd6 29. Qh6 Qe6 30. Qe3 R5d6 31. Bb5 Nd5 32. Rxd5 Rxd5 33. Bc4 Rxd1 34. Bxe6
fxe6 35. c4 R8d4 36. c5 Rd8 37. Qxb3 R1d5 38. Qc3 Rc8 39. b4 Kf7 40. Kf2 Rb8 41.
Qa3 Ke8 42. Qa6 Kd7 43. b5 Rc8 44. c6+ Kd8 45. Qb7 Rc7 46. b6 1-0

[Event "Druzynowe Mistrzostwa Polski - I Liga 2018"]
[Site "Pokrzywna"]
[Date "1899-12-30"]
[Round "8.14"]
[White "Licznerski, Lukasz"]
[Black "Gola, Karol"]
[Result "1-0"]
[WhiteTitle "FM"]
[BlackTitle "k"]
[WhiteElo "2277"]
[BlackElo "2214"]

1. e4 c5 2. Nf3 e6 3. d4 cxd4 4. Nxd4 a6 5. Bd3 Nf6 6. O-O Qc7 7. Qe2 d6 8. c4
Nc6 9. Nxc6 bxc6 10. b3 e5 11. Bb2 Nd7 12. Nc3 Be7 13. Na4 O-O 14. c5 Nxc5 15.
Nxc5 dxc5 16. Bc4 Kh8 17. Qh5 f6 18. Bf7 Bg4 19. Qxg4 Rxf7 20. Rfd1 Bd6 21. Qe6
Rd7 22. Rd2 Rdd8 23. Rad1 Bf8 24. g3 Rxd2 25. Rxd2 Rd8 26. Rxd8 Qxd8 27. Qxc6
Qd3 28. Ba3 h6 29. Qa8 Qd6 30. Kf1 Qd1+ 31. Kg2 Qd6 32. h4 Kh7 33. h5 Be7 34.
Qe8 Bf8 35. Bc1 Kg8 36. Be3 Qe7 37. Qc8 Qd6 38. Qb7 Be7 39. Kf3 Qd1+ 40. Kg2 Qd6
41. g4 Kf7 42. Kg3 Ke6 43. Qc8+ Kf7 44. Qa8 Bf8 45. Qd5+ Ke8 46. Kf3 Kd7 47. Qb7+
Ke8 48. Ke2 Qe6 49. f3 c4 50. Qb8+ Kf7 51. Qc7+ Be7 52. bxc4 Qd6 53. Qxd6 Bxd6
54. c5 Be7 55. Kd3 Ke6 56. Kc4 Bd8 57. c6 Kd6 58. Bc5+ Kxc6 59. Bf8 Bb6 60. Bxg7
Be3 61. Bxf6 Kd6 62. Bh4 Ke6 63. Be1 Kf6 64. Kd5 Bf4 65. Bc3 Bg3 66. Bd2 Kg7 67.
Ke6 1-0

[Event "Druzynowe Mistrzostwa Polski - I Liga 2018"]
[Site "Pokrzywna"]
[Date "1899-12-30"]
[Round "8.15"]
[White "Kalmuk, Krzysztof"]
[Black "Rymaszewski, Dariusz"]
[Result "1/2-1/2"]
[WhiteTitle "I++"]
[BlackTitle "k"]
[WhiteElo "2025"]
[BlackElo "2052"]

1. Nf3 g6 2. d4 Bg7 3. g3 Nf6 4. Bg2 O-O 5. O-O d6 6. b3 e5 7. dxe5 Ng4 8. Bg5
Qe8 9. Nc3 h6 10. Bd2 dxe5 11. Nd5 Na6 12. h3 e4 13. hxg4 exf3 14. exf3 Qd8 15.
Bc3 c6 16. Bxg7 Kxg7 17. Ne3 Qf6 18. Qe2 Nc7 19. Rad1 Nb5 20. Rd3 Be6 21. f4 Rad8
22. c4 Rxd3 23. Qxd3 Rd8 24. Qb1 Nd4 25. Re1 Bc8 26. c5 Ne6 27. Qc2 Nd4 28. Qe4
Ne6 29. Qb4 Qd4 30. Qxd4+ Rxd4 31. Rc1 Rd2 32. f5 Nd4 33. Rc4 gxf5 34. gxf5 Nxf5
35. Rc2 Rd8 36. b4 Nxe3 37. fxe3 Rd3 38. Kf2 Ra3 39. Ke2 a6 40. Be4 Be6 41. Kf3
Kf6 42. Kf4 Bxa2 43. Rh2 Ra4 44. Rxh6+ Ke7 45. Bf5 Rxb4+ 46. e4 a5 47. Rd6 Be6
48. Bxe6 fxe6 49. Ke5 a4 50. Rxe6+ Kf7 51. Rf6+ Kg7 52. Rf3 Rc4 53. Re3 Rxc5+
54. Kd6 Ra5 55. e5 a3 56. e6 a2 57. e7 Rd5+ 58. Kc7 a1=Q 59. e8=Q Qa5+ 60. Kc8
Qa8+ 61. Kc7 Qxe8 62. Rxe8 Rb5 63. Re3 Kf6 64. Kd6 Kf5 65. Kc7 c5 66. Kd6 b6 67.
Re8 c4 68. Kc6 Rb3 69. Kd5 b5 70. Rf8+ Kg4 71. Rg8+ Kh3 72. g4 c3 73. g5 b4 74.
g6 c2 75. g7 Rg3 76. Rh8+ Kg2 77. g8=Q Rxg8 78. Rxg8+ Kf2 79. Rc8 b3 80. Rc3 Ke1
81. Kc4 b2 82. Rxc2 b1=Q 83. Kc3 Qb5 84. Ra2 Qc5+ 85. Kb3 Kd1 86. Rb2 Kc1 87.
Ra2 Qb5+ 88. Kc3 Kb1 89. Rd2 Qa5+ 90. Kd3 Qa3+ 91. Ke2 Qc3 92. Kd1 Qe3 93. Rb2+
Ka1 94. Rc2 Qd3+ 95. Kc1 Qf1+ 96. Kd2 Kb1 97. Rc3 Qf2+ 98. Kd3 Kb2 99. Rc4 Qf1+
100. Kd4 Qf4+ 101. Kd3 Qd6+ 102. Rd4 Qa6+ 103. Kd2 Qa5+ 104. Kd3 Kb3 105. Ke4
Qa8+ 106. Ke3 Kc3 107. Rd3+ Kc4 108. Rd4+ Kc5 109. Re4 Qd5 110. Kf4 Qd2+ 111.
Kf5 Qf2+ 112. Ke5 Qf7 113. Re3 Qe7+ 114. Kf4 Qd6+ 115. Kf3 Qd1+ 116. Ke4 Qd5+
117. Kf4 Kd4 118. Rf3 Qe5+ 119. Kg4 Ke4 120. Rg3 Qh8 121. Rg2 Qc8+ 122. Kg3 Ke3
123. Kh2 Qh8+ 124. Kg1 Qh4 125. Rg8 Qe1+ 126. Kh2 Qh4+ 127. Kg1 Qe1+ 128. Kh2
Qd2+ 129. Kg1 Qd1+ 130. Kh2 Qd6+ 131. Kg1 Kf3 132. Kh1 Qd5 1/2-1/2

[Event "Druzynowe Mistrzostwa Polski - I Liga 2018"]
[Site "Pokrzywna"]
[Date "1899-12-30"]
[Round "8.16"]
[White "Renkowski, Piotr"]
[Black "Szolc, Grzegorz"]
[Result "1-0"]
[WhiteTitle "k+"]
[BlackTitle "I+"]
[WhiteElo "2199"]
[BlackElo "2020"]

1. e4 g6 2. d4 Bg7 3. Nc3 c6 4. Nf3 d5 5. Bd3 Bg4 6. Be3 dxe4 7. Nxe4 Nd7 8. h3
Bxf3 9. Qxf3 Ngf6 10. O-O O-O 11. c3 Nd5 12. Bc4 N7f6 13. Nc5 b6 14. Nd3 Qc7 15.
Bg5 Rad8 16. Rfe1 h6 17. Bh4 g5 18. Bg3 Qb7 19. Bb3 e6 20. Ne5 Nd7 21. Nc4 N7f6
22. Bc2 Ne7 23. Be5 Ne8 24. Qd3 Ng6 25. Bxg7 Kxg7 26. Ne5 Nxe5 27. Qh7+ Kf6 28.
Qxh6+ Ke7 29. dxe5 Rg8 30. Rad1 Rxd1 31. Rxd1 Qa6 32. Qh7 Rg7 33. Qe4 Qxa2 34.
Qxc6 Qxb2 35. Ba4 1-0

[Event "Druzynowe Mistrzostwa Polski - I Liga 2018"]
[Site "Pokrzywna"]
[Date "1899-12-30"]
[Round "8.17"]
[White "Mazur, Anna"]
[Black "Jablonska, Sabina"]
[Result "0-1"]
[WhiteTitle "I+"]
[BlackTitle "k"]
[WhiteElo "1722"]
[BlackElo "1956"]

1. e4 e5 2. Nf3 Nc6 3. Bb5 Nge7 4. c3 a6 5. Ba4 g6 6. d4 exd4 7. cxd4 b5 8. Bb3
Bg7 9. Nc3 d6 10. h3 Na5 11. O-O O-O 12. Bg5 h6 13. Bxe7 Qxe7 14. Nd5 Qd8 15.
Rc1 c6 16. Nf4 Kh7 17. Qc2 Qf6 18. Qd2 Nxb3 19. axb3 Bb7 20. Nd3 Rad8 21. Rfe1
Qe6 22. Qc2 Rfe8 23. e5 dxe5 24. Nc5 Qc8 25. dxe5 Ba8 26. e6 Qc7 27. Nxa6 Qe7
28. Nc5 Qf6 29. exf7 Qxf7 30. Rxe8 Rxe8 31. Rd1 Re7 32. h4 Kg8 33. Rd6 Bf6 34.
Ne4 Bg7 35. Nc5 Bf6 36. Qd3 Kg7 37. Qd2 Kh7 38. Nd7 Bg7 39. Qd3 c5 40. h5 Be4
41. hxg6+ Bxg6 42. Qxb5 Bd4 43. Qc6 Be4 44. Rxh6+ Kg7 45. Qa6 Rxd7 46. Rh3 Bg6
47. Qc8 Qe7 48. Rh8 Bf7 49. Rh3 Rd8 50. Qg4+ Bg6 51. Nh4 Qf6 52. Rf3 Qa6 53. Nf5+
Kg8 54. Ne7+ Kg7 55. Nf5+ Kg8 56. Rg3 Kf7 57. Nh4 Rd6 58. Rf3+ Ke7 59. Qg5+ Ke8
60. Rg3 Rf6 61. Nf3 Bf7 62. Rh3 Qa1+ 63. Kh2 Qxb2 64. Qg4 Be6 65. Rh8+ Ke7 66.
Rh7+ Kd6 67. Qg7 Rf7 68. Qg3+ Be5 69. Qg5 0-1